000 00690nam a2200157 a 4500
008 120416s0000 ||||||||||||||||| || u
020 _a0859342166
050 _aTK 7887 Pen
100 _aPenfold, R. A
245 1 0 _aHow to Expand, modernise and repair PCS and compatibles
260 _aLondon
_bBernard Babani
_c1990
300 _a156 pages : illustrations
350 _a0.00
995 _aANNEX COLLECTION (Main Library)
_D0.00
_e725006
_FCBU-MAIN LIBRARY (Kitwe)
_H1
_I4.95
_jTK 7887 Pen
_UAVAILABLE
_y017076
_ZAnnex Low-Usage Collection
995 _aMAIN LIBRARY OPEN ACCESS
_D0.00
_e725005
_FCBU-MAIN LIBRARY (Kitwe)
_H2
_I4.95
_jTK 7887 Pen
_UAVAILABLE
_y017077
_ZMain Library Open Access Collection
999 _c76370
_d76370